Tomá la voz : (Registro nro. 294)
[ vista simple ]
| 000 -CABECERA | |
|---|---|
| fixed length control field | 00458nam a22001337a 4500 |
| 001 - NUMERO DE CONTROL | |
| control field | 9789500015172 |
| 003 - CONTROL NUMBER IDENTIFIER | |
| control field | AR-BeUNQ |
| 005 - FECHA Y HORA DE LA ULTIMA TRANSACCION | |
| control field | 20220808153421.0 |
| 245 ## - MENCION DE TITULO | |
| Título | Tomá la voz : |
| Otra información sobre el título | Ejes y propuestas para el abordaje de los consumos problemátios enn el ámbito educativo. |
| Mención de responsabilidad, etc | Ministerio de Educación De la Nación |
| Medio físico | libro |
| 250 03 - MENCION DE EDICION | |
| Mención de edición | 1a.ed |
| 260 03 - PUBLICACION, DISTRIBUCION, ETC. | |
| Lugar de publicación, distribución, etc. | CABA: |
| Nombre del editor, distribuidor, etc. | Ministerio de Educacion de la Nación, |
| Fecha de publicación, distribución, etc | 2021 |
| 500 ## - NOTA GENERAL | |
| Nota general | Consumos problemáticos de drogas. |
| 942 03 - ELEMENTOS DE PUNTO DE ACCESO ADICIONAL (KOHA) | |
| Tipo de ítem Koha | Libros |
| Estado de retiro | Estado de pérdida | No para préstamo | Ubicación permanente | Ubicación actual | Ubicación en estantería | Fecha de ingreso | Total Checkouts | Signatura topográfica completa | Inventario | Date last seen | Tipo de ítem Koha |
|---|---|---|---|---|---|---|---|---|---|---|---|
| Biblioteca ESET - UNQ | Biblioteca ESET - UNQ | SALA | 04/08/2022 | 372/MIN | 59579 | 08/08/2022 | Libros |